00520 2200181 4500001002100000005001500021035002000036008004100056020001500097041000800112082001100120084001700131100004300148245007400191260002500265990002400290990002400314INLIS00000000000083720221022095615 a0010-0520000837221022 | | eng  a9793653019 aeng a297.23 a297.23 MUH m0 aMuhammad Abdurrahman Al-Arify [et al.]1 aMalam Pertama di Alam Kubur /cMuhammad Abdurrahman Al-Arify [et al.] aSolo :bAqwam,c2004 a00029/MKRI-P/I-2005 a00029/MKRI-P/I-2005